Политология: учебник
| Muut tekijät: | |
|---|---|
| Yhteenveto: | Исключено из фонда НТБ ТПУ |
| Kieli: | venäjä |
| Julkaistu: |
Москва, Гардарики, 1999
|
| Aineistotyyppi: | MixedMaterials Kirja |
| KOHA link: | https://koha.lib.tpu.ru/cgi-bin/koha/opac-detail.pl?biblionumber=377479 |
MARC
| LEADER | 00000nam0a2200000 4500 | ||
|---|---|---|---|
| 001 | 377479 | ||
| 005 | 20231101052509.0 | ||
| 010 | |a 5797501422 | ||
| 035 | |a (RuTPU)RU\TPU\retro\34930 | ||
| 035 | |a RU\TPU\book\14000 | ||
| 090 | |a 377479 | ||
| 100 | |a 20230314d1999 m y0rusy50 ca | ||
| 101 | 0 | |a rus | |
| 102 | |a RU | ||
| 105 | |a y j 000zy | ||
| 200 | 1 | |a Политология |e учебник |f Под ред. М. А. Василика | |
| 210 | |a Москва |c Гардарики |d 1999 | ||
| 215 | |a 600 с. | ||
| 333 | |a Исключено из фонда НТБ ТПУ | ||
| 702 | 1 | |a Василик |b М. А. | |
| 801 | 0 | |a RU |b 63413507 |c 20011209 |g PSBO | |
| 801 | 2 | |a RU |b 63413507 |c 20230314 |g PSBO | |
| 942 | |c BK | ||